Biología celular
Saved in:
| Hovedforfatter: | |
|---|---|
| Format: | Bog |
| Sprog: | spansk |
| Udgivet: |
Cuernavaca
Interamericana
1971
|
| Fag: | |
| Tags: |
Tilføj Tag
Ingen Tags, Vær først til at tagge denne postø!
|
MARC
| LEADER | 00000cam a2200000 a 4500 | ||
|---|---|---|---|
| 001 | UCF6368 | ||
| 003 | CL-VaPUC | ||
| 008 | 130425e19710000MX |||||||||||||||||spa|d | ||
| 082 | 0 | 4 | |a 571.6 |b BUR |2 21 |
| 100 | 0 | |a Burke, Jack D |e author |9 568333 | |
| 245 | 1 | 0 | |a Biología celular |
| 300 | |a 298 p | ||
| 942 | |c BK | ||
| 945 | |d 20130425 00:00:00 |a dcastane | ||
| 260 | |a Cuernavaca |b Interamericana |c 1971 | ||
| 650 | 0 | |a Citología |9 261432 | |
| 650 | 0 | |a Biología celular |9 341055 | |
| 650 | 0 | |a Biología molecular |9 269677 | |
| 650 | 0 | |a Células |9 269548 | |
| 583 | |a last modification |c 20130425 11:23:00 |k Rodrigo Vera | ||
| 999 | |c 351589 |d 351587 | ||